[Event "2021 FIDE Online Olympiad"]
[Site "Chess.com"]
[Date "2021.09.02"]
[Round "1.6"]
[White "Feng, Jennifer"]
[Black "Helliesen, Lykke-Merlot"]
[Result "1-0"]
[WhiteElo "1097"]
[BlackElo "1576"]
[PlyCount "63"]
[EventDate "2021.09.02"]
[EventType "team"]
[EventRounds "9"]
[WhiteTeam "Scotland"]
[BlackTeam "Norway"]
[WhiteTeamCountry "SCO"]
[BlackTeamCountry "NOR"]

1. e4 c5 2. Nf3 Nc6 3. Nc3 g6 4. d4 cxd4 5. Nxd4 Bg7 6. Be3 Nf6 7. Nxc6 bxc6 8.
Bd3 O-O 9. Qd2 Ng4 10. Rb1 Nxe3 11. fxe3 d6 12. h3 Rb8 13. O-O Be6 14. a3 Qb6
15. Na4 Qc7 16. Nc3 Be5 17. b4 Bd7 18. a4 Qb6 19. a5 Bxc3 20. Qxc3 Qxe3+ 21.
Kh1 Bxh3 22. Rf3 Bxg2+ 23. Kxg2 Qg5+ 24. Rg3 Qf6 25. Qd2 Rfc8 26. Rf3 Qe6 27.
Qh6 Qe5 28. Rh3 Qg7 29. Qd2 h5 30. Bc4 Rf8 31. Rg3 Qe5 32. Rxg6+ 1-0

[Event "2021 FIDE Online Olympiad"]
[Site "Chess.com"]
[Date "2021.09.02"]
[Round "2.6"]
[White "Mawire, Rumbidzai"]
[Black "Feng, Jennifer"]
[Result "1-0"]
[WhiteElo "1388"]
[BlackElo "1097"]
[PlyCount "83"]
[EventDate "2021.09.02"]
[EventType "team"]
[EventRounds "9"]
[WhiteTeam "Zimbabwe"]
[BlackTeam "Scotland"]
[WhiteTeamCountry "ZIM"]
[BlackTeamCountry "SCO"]

1. e4 e6 2. d4 d5 3. exd5 exd5 4. Nf3 Bd6 5. Nc3 Nf6 6. Bg5 Be7 7. Qd2 Be6 8.
Bd3 h6 9. Be3 a6 10. O-O Nbd7 11. Rac1 Bd6 12. Rfe1 Bb4 13. a3 Ne4 14. Bxe4
dxe4 15. Ne5 Bd6 16. Nxd7 Qxd7 17. Nxe4 Qe7 18. Nxd6+ cxd6 19. d5 O-O 20. dxe6
fxe6 21. Bf4 Rad8 22. Qe3 e5 23. Bg3 Qf6 24. Qe4 Qf7 25. Re3 Kh8 26. Qf3 Qd7
27. Qd5 Qc7 28. Rc3 Qe7 29. Rd1 Rf7 30. Rf3 Rxf3 31. Qxf3 Rf8 32. Qd3 Rd8 33.
h3 Qg5 34. Qe4 Qe7 35. Bh4 g5 36. Bg3 Kg7 37. Rd3 Rd7 38. h4 Qe6 39. hxg5 hxg5
40. Bh2 Qa2 41. Bxe5+ Kf8 42. Bxd6+ 1-0

[Event "2021 FIDE Online Olympiad"]
[Site "Chess.com"]
[Date "2021.09.02"]
[Round "3.6"]
[White "Feng, Jennifer"]
[Black "Soares, Sara Joana De Moura"]
[Result "0-1"]
[WhiteElo "1097"]
[BlackElo "1546"]
[PlyCount "82"]
[EventDate "2021.09.02"]
[EventType "team"]
[EventRounds "9"]
[WhiteTeam "Scotland"]
[BlackTeam "Portugal"]
[WhiteTeamCountry "SCO"]
[BlackTeamCountry "POR"]

1. e4 c5 2. Nf3 Nc6 3. Nc3 g6 4. d4 cxd4 5. Nxd4 Bg7 6. Be3 Nf6 7. Bd3 d6 8. h3
O-O 9. Nf3 Bd7 10. Qd2 a6 11. Bh6 b5 12. Bxg7 Kxg7 13. Nd5 e6 14. Nc3 Re8 15.
O-O Qc7 16. Rfe1 Rad8 17. Qg5 Na5 18. e5 dxe5 19. Nxe5 Nc4 20. Bxc4 bxc4 21.
Nxd7 Rxd7 22. Rad1 Red8 23. Qc1 Qb7 24. b3 Qb4 25. Qb2 Rxd1 26. Rxd1 Rxd1+ 27.
Nxd1 Qe1+ 28. Kh2 Qxd1 29. bxc4 Qd6+ 30. g3 Qc5 31. Kg2 Qxc4 32. g4 Qe4+ 33.
Kh2 Qf3 34. c4 Qf4+ 35. Kg2 Qxc4 36. g5 Qd5+ 37. Kh2 Qxg5 38. Qd4 Qd5 39. Qb2
a5 40. a3 a4 41. Kg3 Qb3+ 0-1

[Event "2021 FIDE Online Olympiad"]
[Site "Chess.com"]
[Date "2021.09.03"]
[Round "4.6"]
[White "Katkov, Michelle"]
[Black "Tandon, Ashley"]
[Result "1-0"]
[WhiteElo "1708"]
[BlackElo "1000"]
[PlyCount "147"]
[EventDate "2021.09.02"]
[EventType "team"]
[EventRounds "9"]
[WhiteTeam "Israel"]
[BlackTeam "Scotland"]
[WhiteTeamCountry "ISR"]
[BlackTeamCountry "SCO"]

1. e4 c6 2. d4 d5 3. exd5 cxd5 4. c4 Nf6 5. Nc3 Nc6 6. cxd5 Nxd5 7. Bc4 Nb6 8.
Bb5 Nd5 9. Nf3 Bg4 10. Qa4 Qd6 11. Ne5 Nxc3 12. bxc3 Bd7 13. Nxd7 Qxd7 14. O-O
Rc8 15. Bf4 a6 16. Bd3 e5 17. Rfe1 Be7 18. Bg3 exd4 19. cxd4 Nxd4 20. Qxd7+
Kxd7 21. Rad1 Rcd8 22. Bb5+ axb5 23. Rxd4+ Kc6 24. Rc1+ Bc5 25. Rg4 g6 26. Bh4
Rd6 27. Be7 Rd5 28. Rf4 f5 29. Bf6 Re8 30. Rf3 Kb6 31. Rfc3 Bb4 32. R3c2 Re1+
33. Rxe1 Bxe1 34. Kf1 Rd2 35. Rxd2 Bxd2 36. Ke2 Bf4 37. g3 Bd6 38. Kd3 Kc5 39.
Bd4+ Kb4 40. Bb2 Ka4 41. Kd4 Ba3 42. Bc3 b4 43. Bd2 Bb2+ 44. Kc4 Bc3 45. Bc1
b5+ 46. Kc5 Be1 47. f3 Bf2+ 48. Kc6 Bd4 49. Kd5 Bg1 50. h3 h5 51. Ke6 b3 52.
axb3+ Kxb3 53. Kf6 Bf2 54. Kxg6 Bxg3 55. Kxh5 f4 56. Kg5 Kc2 57. Ba3 Kd3 58. h4
Bxh4+ 59. Kxh4 Ke3 60. Kg4 Kd4 61. Kxf4 Kd5 62. Kf5 Kc6 63. Ke6 Kc7 64. f4 Kd8
65. f5 Ke8 66. f6 Kd8 67. f7 Kc7 68. f8=Q b4 69. Qd6+ Kc8 70. Qd7+ Kb8 71. Bxb4
Ka8 72. Bc5 Kb8 73. Kd6 Ka8 74. Qa7# 1-0

[Event "2021 FIDE Online Olympiad"]
[Site "Chess.com"]
[Date "2021.09.03"]
[Round "5.6"]
[White "Tandon, Ashley"]
[Black "Zaritovskaja, Margarita"]
[Result "1/2-1/2"]
[WhiteElo "1000"]
[BlackElo "1744"]
[PlyCount "72"]
[EventDate "2021.09.02"]
[EventType "team"]
[EventRounds "9"]
[WhiteTeam "Scotland"]
[BlackTeam "Sweden"]
[WhiteTeamCountry "SCO"]
[BlackTeamCountry "SWE"]

1. d4 Nf6 2. c4 c5 3. d5 b5 4. cxb5 a6 5. b6 Qxb6 6. Nc3 d6 7. e4 g6 8. Nf3 Bg7
9. Nd2 Nbd7 10. Nc4 Qc7 11. Bd3 O-O 12. O-O Nb6 13. h3 Nxc4 14. Bxc4 Nd7 15. f4
Nb6 16. Be2 Bd7 17. Be3 a5 18. Qd2 a4 19. Rac1 Rfc8 20. f5 Qa7 21. fxg6 fxg6
22. Bg5 c4 23. Kh1 Re8 24. Qf4 Rf8 25. Qh4 Bf6 26. Bxf6 exf6 27. Rxf6 Rxf6 28.
Qxf6 Rf8 29. Qxd6 Nc8 30. Qb4 Bxh3 31. gxh3 Qe3 32. Rf1 Qxh3+ 33. Kg1 Qg3+ 34.
Kh1 Qh3+ 35. Kg1 Qg3+ 36. Kh1 Qh3+ 1/2-1/2

[Event "2021 FIDE Online Olympiad"]
[Site "Chess.com"]
[Date "2021.09.03"]
[Round "6.6"]
[White "Shuqja, Klean"]
[Black "Tandon, Ashley"]
[Result "1/2-1/2"]
[WhiteElo "1566"]
[BlackElo "1000"]
[PlyCount "81"]
[EventDate "2021.09.02"]
[EventType "team"]
[EventRounds "9"]
[WhiteTeam "Albania"]
[BlackTeam "Scotland"]
[WhiteTeamCountry "ALB"]
[BlackTeamCountry "SCO"]

1. e4 c6 2. d4 d5 3. exd5 cxd5 4. Bd3 Nc6 5. c3 Qc7 6. Ne2 Bg4 7. O-O e6 8. Qe1
Bxe2 9. Qxe2 Nf6 10. Nd2 Bd6 11. Nf3 h6 12. Bd2 O-O 13. Rae1 Rfe8 14. Ne5 Nd7
15. f4 f6 16. Nxc6 bxc6 17. Qg4 e5 18. Bf5 Nf8 19. fxe5 fxe5 20. Bxh6 exd4 21.
cxd4 Bxh2+ 22. Kh1 Qg3 23. Bd2 Rxe1 24. Qxg3 Bxg3 25. Bxe1 Bxe1 26. Rxe1 Kf7
27. Rc1 g6 28. Bh3 Rb8 29. Rxc6 Rxb2 30. Rc7+ Kf6 31. Rxa7 Rd2 32. a4 Rxd4 33.
a5 Ra4 34. a6 d4 35. Kg1 Ne6 36. Bxe6 Kxe6 37. Rg7 Kf6 38. Rd7 Rxa6 39. Rxd4
Ke5 40. Rb4 Ra1+ 41. Kh2 1/2-1/2

[Event "2021 FIDE Online Olympiad"]
[Site "Chess.com"]
[Date "2021.09.04"]
[Round "7.6"]
[White "Tandon, Ashley"]
[Black "Popovic, Mateja"]
[Result "0-1"]
[WhiteElo "1000"]
[BlackElo "1610"]
[PlyCount "132"]
[EventDate "2021.09.02"]
[EventType "team"]
[EventRounds "9"]
[WhiteTeam "Scotland"]
[BlackTeam "Montenegro"]
[WhiteTeamCountry "SCO"]
[BlackTeamCountry "MNE"]

1. d4 d5 2. c4 e6 3. Nc3 Nf6 4. cxd5 exd5 5. Bg5 Be7 6. e3 O-O 7. Bd3 c5 8.
Nge2 Nc6 9. dxc5 Bxc5 10. Bc2 d4 11. Nxd4 Nxd4 12. exd4 Bxd4 13. O-O h6 14. Bh4
Bxc3 15. bxc3 g5 16. Bg3 Qxd1 17. Raxd1 Be6 18. Bb3 Rac8 19. Bxe6 fxe6 20. Rfe1
Kf7 21. Be5 Nd5 22. Rc1 Rc4 23. f3 Rfc8 24. Re4 b5 25. Rxc4 Rxc4 26. a3 a5 27.
Rb1 Nxc3 28. Bxc3 Rxc3 29. Rxb5 Rxa3 30. Rb1 Kf6 31. Kf2 a4 32. h3 Rb3 33. Ra1
a3 34. Ke1 Ke5 35. Kd2 Kd4 36. Kc2 Kc4 37. Ra2 e5 38. Ra1 Rb2+ 39. Kc1 Kb3 40.
Rb1 Rxb1+ 41. Kxb1 Kc3 42. Ka2 Kd2 43. Kxa3 Ke2 44. Kb3 Kf2 45. Kc4 Kxg2 46.
Kd5 Kxf3 47. Kxe5 Kg3 48. Ke4 Kxh3 49. Kf3 g4+ 50. Kf2 Kh2 51. Kf1 g3 52. Ke2
g2 53. Kf3 g1=Q 54. Kf4 Qg5+ 55. Kf3 Kh3 56. Ke4 Kg3 57. Kd3 Qe5 58. Kc4 Kf3
59. Kb4 Ke3 60. Kc4 Qd4+ 61. Kb5 Qc3 62. Ka4 Qb2 63. Ka5 Kd4 64. Ka6 Kc5 65.
Ka7 Kc6 66. Ka8 Qb7# 0-1

[Event "2021 FIDE Online Olympiad"]
[Site "Chess.com"]
[Date "2021.09.04"]
[Round "8.6"]
[White "Feng, Jennifer"]
[Black "Zeliantsova, Kseniya"]
[Result "0-1"]
[WhiteElo "1097"]
[BlackElo "1848"]
[PlyCount "68"]
[EventDate "2021.09.02"]
[EventType "team"]
[EventRounds "9"]
[WhiteTeam "Scotland"]
[BlackTeam "Belarus"]
[WhiteTeamCountry "SCO"]
[BlackTeamCountry "BLR"]

1. e4 c5 2. Nf3 Nc6 3. Nc3 g6 4. d4 cxd4 5. Nxd4 Bg7 6. Be3 Nf6 7. Qd2 Ng4 8.
Nxc6 bxc6 9. Bd3 Nxe3 10. Qxe3 O-O 11. O-O Rb8 12. Rab1 Qa5 13. Ne2 Rxb2 14.
Rxb2 Bxb2 15. Nc1 d6 16. Bc4 Bg7 17. Bb3 c5 18. c4 Bd7 19. Kh1 Qc3 20. Qe2 a5
21. a4 Bh6 22. f4 Bxf4 23. Rxf4 Qxc1+ 24. Rf1 Qc3 25. Qa2 Rb8 26. Qf2 Be6 27.
Bd1 Bxc4 28. Re1 Rb2 29. Be2 Bxe2 30. h3 Bf3 31. Qxf3 Qxe1+ 32. Kh2 Rf2 33. Qg4
Rf1 34. g3 Qf2# 0-1

[Event "2021 FIDE Online Olympiad"]
[Site "Chess.com"]
[Date "2021.09.04"]
[Round "9.6"]
[White "Sanudula, K M Dahamdi"]
[Black "Feng, Jennifer"]
[Result "1-0"]
[WhiteElo "1396"]
[BlackElo "1097"]
[PlyCount "99"]
[EventDate "2021.09.02"]
[EventType "team"]
[EventRounds "9"]
[WhiteTeam "Sri Lanka"]
[BlackTeam "Scotland"]
[WhiteTeamCountry "SRI"]
[BlackTeamCountry "SCO"]

1. d4 e6 2. e3 d5 3. Bd3 Nf6 4. Nd2 c5 5. c3 Nc6 6. f4 a6 7. Ngf3 b5 8. O-O Ng4
9. Qe2 c4 10. Bc2 Bb7 11. Ne5 Ncxe5 12. fxe5 Qh4 13. h3 Nh6 14. e4 dxe4 15.
Bxe4 Bxe4 16. Nxe4 Qd8 17. Qf3 Be7 18. Bxh6 gxh6 19. Nd6+ Kd7 20. Nxf7 Rf8 21.
Nxd8 Rxf3 22. Rxf3 Rxd8 23. Rf7 Rh8 24. Rd1 Ke8 25. Rf3 Kd7 26. d5 exd5 27.
Rxd5+ Kc6 28. Rd1 Re8 29. Rf7 Bc5+ 30. Kh1 Kb6 31. Re1 b4 32. Rxh7 Re6 33. Rf7
Be7 34. cxb4 Bxb4 35. Re4 Be7 36. Kg1 Kc5 37. Kf1 Kd5 38. Re2 a5 39. a3 a4 40.
Ke1 Kd4 41. Kd2 Bg5+ 42. Kc2 Rc6 43. e6 c3 44. Rd7+ Kc5 45. bxc3 Kb6 46. e7 Bf6
47. e8=Q Rxc3+ 48. Kd2 Rc6 49. Qb8+ Kc5 50. Qb4# 1-0